Az Ajurvéda turizmus széleskörű bevezetésének lehetősége hazánkban - Egy indiai gyógyturisztikai Best Practice, az Apollo-csoport ötlete alapján

Bibliographic Details
Main Author: Szavlik Fruzsina
Other Authors: Nagy Dr. Adrienne
Format: Thesis
Kulcsszavak:Egészségturizmus
Ajurvéda
Ajurvéda turizmus
Indiai Best Practice
Apollo Hospitals Group
Online Access:http://dolgozattar.uni-bge.hu/20196

MARC

LEADER 00000nta a2200000 i 4500
001 dolg20196
005 20190910095731.0
008 190426suuuu hu om 000 hun d
040 |a BGE Dolgozattár Repozitórium  |b hun 
041 |a hu 
100 1 |a Szavlik Fruzsina 
245 1 3 |a Az Ajurvéda turizmus széleskörű bevezetésének lehetősége hazánkban - Egy indiai gyógyturisztikai Best Practice, az Apollo-csoport ötlete alapján  |c Szavlik Fruzsina  |h [elektronikus dokumentum] 
246 1 1 |a Az Ajurvéda turizmus széleskörű bevezetésének lehetősége hazánkban - Egy indiai gyógyturisztikai Best Practice, az Apollo-csoport ötlete alapján 
695 |a Egészségturizmus 
695 |a Ajurvéda 
695 |a Ajurvéda turizmus 
695 |a Indiai Best Practice 
695 |a Apollo Hospitals Group 
700 1 |a Nagy Dr. Adrienne  |e ths 
856 4 0 |u http://dolgozattar.uni-bge.hu/20196/1/Szavlik_Fruzsina_ZTDC4Q_TVtur.pdf  |z Dokumentum-elérés